Normal view MARC view

Entry Personal Name

Number of records used in: 1

001 - CONTROL NUMBER

  • control field: 9744

003 - CONTROL NUMBER IDENTIFIER

  • control field: DLC

005 - DATE AND TIME OF LATEST TRANSACTION

  • control field: 20231017160423.0

008 - FIXED-LENGTH DATA ELEMENTS

  • fixed length control field: 900808n| azannaabn |b aaa c

010 ## - LIBRARY OF CONGRESS CONTROL NUMBER

  • LC control number: nr 90013995
  • Canceled/invalid LC control number: no2017121339

035 ## - SYSTEM CONTROL NUMBER

  • System control number: (OCoLC)oca02802022

040 ## - CATALOGING SOURCE

  • Original cataloging agency: NjP
  • Language of cataloging: eng
  • Description conventions: rda
  • Transcribing agency: NjP
  • Modifying agency: NjP
  • Modifying agency: OCoLC
  • Modifying agency: NjP
  • Modifying agency: DLC
  • Modifying agency: OCoLC
  • Modifying agency: DLC
  • Modifying agency: ICU
  • Modifying agency: DLC
  • Modifying agency: PU-ME

046 ## - SPECIAL CODED DATES

  • Birth date: 1878
  • Death date: 1943
  • Source of date scheme: edtf

100 1# - HEADING--PERSONAL NAME

  • Personal name: Hāshimī, Aḥmad

400 1# - SEE FROM TRACING--PERSONAL NAME

  • Personal name: Al-Hachimi, Ahmad

400 1# - SEE FROM TRACING--PERSONAL NAME

  • Personal name: Hachimi, Ahmad Al-

400 1# - SEE FROM TRACING--PERSONAL NAME

  • Personal name: Hāshimī, al-Sayyid Aḥmad,
  • Dates associated with a name: 1878-1943

400 1# - SEE FROM TRACING--PERSONAL NAME

  • Personal name: Hāshimī, Sayyid Aḥmad,
  • Dates associated with a name: 1878-1943

400 1# - SEE FROM TRACING--PERSONAL NAME

  • Personal name: Hāshemi, S. A.,
  • Dates associated with a name: 1878-1943

400 1# - SEE FROM TRACING--PERSONAL NAME

  • Personal name: الهاشمي، احمد

400 1# - SEE FROM TRACING--PERSONAL NAME

  • Personal name: هاشمي، أحمد

400 1# - SEE FROM TRACING--PERSONAL NAME

  • Personal name: هاشمي، السيد أحمد،
  • Dates associated with a name: 1878-1943

400 1# - SEE FROM TRACING--PERSONAL NAME

  • Personal name: الهاشمي، السيد أحمد،
  • Dates associated with a name: 1878-1943

400 1# - SEE FROM TRACING--PERSONAL NAME

  • Personal name: هاشمي، سيد أحمد،
  • Dates associated with a name: 1878-1943

400 1# - SEE FROM TRACING--PERSONAL NAME

  • Personal name: الهاشمي، سيد أحمد،
  • Dates associated with a name: 1878-1943

400 1# - SEE FROM TRACING--PERSONAL NAME

  • Personal name: هاشمي، أحمد بن إبراهيم،
  • Dates associated with a name: 1878-1943

400 1# - SEE FROM TRACING--PERSONAL NAME

  • Personal name: الهاشمي، أحمد بن إبراهيم،
  • Dates associated with a name: 1878-1943

400 0# - SEE FROM TRACING--PERSONAL NAME

  • Personal name: أحمد بن إبراهيم الهاشمي،
  • Dates associated with a name: 1878-1943

400 1# - SEE FROM TRACING--PERSONAL NAME

  • Personal name: Hāshimī, Aḥmad ibn Ibrāhīm,
  • Dates associated with a name: 1878-1943

400 0# - SEE FROM TRACING--PERSONAL NAME

  • Personal name: Aḥmad ibn Ibrāhīm al-Hāshimī,
  • Dates associated with a name: 1878-1943

670 ## - SOURCE DATA FOUND

  • Source citation: His Inshāʼ al-mukātabāt al-ʻaṣrīyah ... 1958:
  • Information found: t.p. (al-marḥūm al-Sayyid Aḥmad al-Hāshimī, mudīr madāris Fuʼād al-Awwal wa-Walīy al-ʻAhd bi-al-Qāhirah)

670 ## - SOURCE DATA FOUND

  • Source citation: His Recueil des hadiths prophétiques ... 1991:
  • Information found: t.p. (Al-Sayed Ahmad Al-Hachimi) added t.p. (al-Sayyid Aḥmad al-Hāshimī [in Arabic])

670 ## - SOURCE DATA FOUND

  • Source citation: Mukhtār al-aḥādīth al-Nabawīyah wa-al-ḥikam al-Muḥammadīyah, 1996:
  • Information found: t.p. (al-Sayyid Aḥmad al-Hāshimī, d. 1362 H/1943 M) p. 7 (b. 1295 H/1878 M)

670 ## - SOURCE DATA FOUND

  • Source citation: Hāshimī, Aḥmad ibn Ibrāhīm ibn Muṣṭafá. al-Tawḍīḥāt al-wafīyah fī sharḥ al-qawāʻid al-asāsīyah lil-lughah al-ʻArabīyah ḥasab manhaj Matn al-Alfīyah li-Ibn Mālik, 2017:
  • Information found: title page (Aḥmad ibn Ibrāhīm ibn Muṣṭafá al-Hāshimī (1295-1362 H))

670 ## - SOURCE DATA FOUND

  • Source citation: Ziriklī, volume 1, page 86
  • Information found: (Aḥmad al-Hāshimī (1295-1362 H/1878-1943 M); Aḥmad ibn Ibrāhīm ibn Muṣṭafá al-Hāshimī)

670 ## - SOURCE DATA FOUND

  • Source citation: Kaḥḥālah, volume 1, page 143
  • Information found: (Aḥmad al-Hāshimī (1295-1362 H/1878-1943 M); Aḥmad ibn Ibrāhīm ibn Muṣṭafá al-Hāshimī al-Azharī, al-Miṣrī)

675 ## - SOURCE DATA NOT FOUND

  • Source citation: Nahz̤at-i tarjumah, 2011: t.p. (Sayyid Aḥmad Hāshimī) added t.p. (S.A. Hāshemi)

Powered by Koha